000 00373nam a22001457a 4500
020 _a9788188458509
040 _cNUST
082 _a621.43 SIN
100 _aSingal, R. K. Dr
_9112201
245 _aInternal Combustion Engines
250 _a3rd EDITION
260 _aNew Dehli:
_bS.K. Kataria & Sons,
_c2010.
650 _aInternal Combustion Engines
942 _2ddc
_cBK
999 _c594488
_d594488